[Event "NOR-chT Eliteserien 2021-22"]
[Site "Norway"]
[Date "2022.03.05"]
[Round "8.15"]
[White "Kvaloy, Aksel Bu"]
[Black "Lund, Gunnar"]
[Result "1/2-1/2"]
[WhiteElo "2280"]
[BlackElo "2307"]
[Annotator "NA"]
[PlyCount "187"]
[EventDate "2021.10.29"]
[EventType "team-tourn"]
[EventCountry "NOR"]
[SourceTitle "playchess.com"]
[Source "ChessBase"]
[SourceQuality "1"]
[TimeControl "40/5400+30:1800+30"]

1. e4 {[%emt 0:00:15]} e5 {[%emt 0:00:11]} 2. Nf3 {[%emt 0:00:12]} Nc6 {[%emt 0:00:05]} 3. Bb5 {[%emt 0:00:11]} a6 {[%emt 0:00:06]} 4. Ba4 {[%emt 0:00:10]} Nf6 {[%emt 0:00:10]} 5. O-O {[%emt 0:00:19]} Be7 {[%emt 0:00:26]} 6. Re1 {[%emt 0:00:11]} b5 {[%emt 0:00:18]} 7. Bb3 {[%emt 0:00:20]} d6 {[%emt 0:00:15]} 8. c3 {[%emt 0:01:26]} O-O {[%emt 0:00:30]} 9. h3 {[%emt 0:00:28]} Nb8 {[%emt 0:00:20]} 10. d4 {[%emt 0:01:44]} Nbd7 {[%emt 0:00:22]} 11. Nbd2 {[%emt 0:00:28]} Bb7 {[%emt 0:00:14]} 12. Bc2 {[%emt 0:01:02]} Re8 {[%emt 0:00:10]} 13. Nf1 {[%emt 0:00:53]} Bf8 {[%emt 0:00:19]} 14. Ng3 {[%emt 0:00:33]} g6 {[%emt 0:00:11]} 15. a4 {[%emt 0:02:02]} c5 {[%emt 0:03:03]} 16. d5 {[%emt 0:00:58]} c4 {[%emt 0:00:43]} 17. Bg5 {[%emt 0:01:13]} Be7 {[%emt 0:04:41]} 18. Bh6 {[%emt 0:21:17]} Nc5 {[%emt 0:04:44]} 19. Nh2 {[%emt 0:02:43]} Bf8 {[%emt 0:11:55]} 20. Bg5 {[%emt 0:01:15]} Be7 {[%emt 0:02:09]} 21. Bh6 {[%emt 0:01:26]} Bf8 {[%emt 0:02:35]} 22. Be3 {[%emt 0:00:45]} Qc7 {[%emt 0:16:47]} 23. Qf3 {[%emt 0:08:11]} Bg7 {[%emt 0:03:30]} 24. Bg5 {[%emt 0:06:06]} Nfd7 {[%emt 0:00:47]} 25. Ng4 {[%emt 0:01:52]} f6 {[%emt 0:01:12]} 26. Nh6+ {[%emt 0:01:30]} Kh8 {[%emt 0:01:04]} 27. Nf7+ {[%emt 0:00:20]} Kg8 {[%emt 0:00:05]} 28. Nh6+ $11 {[%emt 0:00:07]} Kh8 {[%emt 0:01:25]} {White should play} 29. Be3 $14 {[%emt 0:11:37]} Rf8 {[%emt 0:04:40]} 30. Qd1 {[%emt 0:13:21]} Nb6 {[%emt 0:06:08]} 31. a5 {[%emt 0:03:46]} Nc8 {[%emt 0:00:58]} 32. Ng4 {[%emt 0:08:59]} Ne7 {[%emt 0:02:42]} 33. f4 {[%emt 0:02:04]} f5 {[%emt 0:14:11]} 34. Nxe5 {[%emt 0:01:07]} fxe4 {[%emt 0:02:53]} 35. Nxe4 {[%emt 0:03:32]} Nxd5 {[%emt 0:01:22]} 36. Nxc5 {[%emt 0:02:44]} dxe5 {[%emt 0:09:16]} 37. Nxb7 {[%emt 0:01:44]} Nxe3 {[%emt 0:00:09]} 38. Rxe3 {[%emt 0:00:48]} exf4 {[%emt 0:00:12]} 39. Re1 {[%emt 0:01:46]} Qxb7 {[%emt 0:03:37]} 40. Be4 {[%emt 0:00:27]} Qa7+ {[%emt 0:00:06]} 41. Kh1 {[%emt 0:30:06]} Rad8 {[%emt 0:31:04]} 42. Qf3 {[%emt 0:00:00]} Qc7 {[%emt 0:00:00]} 43. Re2 {[%emt 0:00:00]} Rf6 {[%emt 0:00:00]} 44. Bc2 {[%emt 0:00:00]} Bf8 {[%emt 0:00:00]} 45. Rf1 {[%emt 0:01:31]} Bc5 {[%emt 0:00:00]} 46. Qg4 {[%emt 0:00:44]} Rdf8 {[%emt 0:00:00]} 47. Be4 {[%emt 0:00:52]} Qxa5 {[%emt 0:00:00]} 48. Rd2 {[%emt 0:00:18]} Qb6 {[%emt 0:00:00]} 49. Rd7 {[%emt 0:00:40]} Qe6 {[%emt 0:00:00]} 50. Qxe6 {[%emt 0:00:37]} Rxe6 {[%emt 0:00:00]} 51. Bf3 {[%emt 0:00:11]} Rfe8 {[%emt 0:00:00]} 52. Kh2 {[%emt 0:00:57]} Re1 {[%emt 0:00:00]} 53. Rxe1 {[%emt 0:00:29]} Rxe1 {[%emt 0:00:00]} 54. Rd1 {[%emt 0:00:39]} Re7 {[%emt 0:00:00]} 55. g3 {[%emt 0:00:30]} fxg3+ {[%emt 0:00:00]} 56. Kxg3 {[%emt 0:00:02]} Kg7 {[%emt 0:00:28]} 57. Rd8 {[%emt 0:00:44]} Be3 {[%emt 0:00:57]} 58. Rd1 {[%emt 0:00:25]} h5 {[%emt 0:01:34]} 59. Ra1 {[%emt 0:00:17]} Ra7 {[%emt 0:01:53]} 60. Re1 {[%emt 0:00:25]} Bd2 {[%emt 0:07:03]} 61. Rd1 {[%emt 0:00:27]} Bg5 {[%emt 0:01:08]} 62. Be4 {[%emt 0:00:40]} Bf6 {[%emt 0:00:25]} 63. Kf3 {[%emt 0:00:36]} Be5 {[%emt 0:00:12]} 64. Rd5 {[%emt 0:00:45]} Re7 {[%emt 0:00:14]} 65. Rc5 {[%emt 0:00:22]} Rf7+ {[%emt 0:01:23]} 66. Kg2 {[%emt 0:00:18]} Bf6 {[%emt 0:01:58]} 67. Rc6 {[%emt 0:00:13]} Ra7 {[%emt 0:00:08]} 68. Rb6 {[%emt 0:00:15]} Kf7 {[%emt 0:00:25]} 69. Rb7+ {[%emt 0:00:47]} Rxb7 {[%emt 0:00:01]} 70. Bxb7 {[%emt 0:00:08]} a5 {[%emt 0:01:10]} 71. Ba6 {[%emt 0:00:09]} Ke6 {[%emt 0:00:29]} 72. Bxb5 {[%emt 0:00:10]} Kd5 {[%emt 0:00:01]} 73. Be8 {[%emt 0:00:26]} g5 {[%emt 0:01:09]} 74. Bxh5 {[%emt 0:00:14]} a4 {[%emt 0:00:08]} 75. Bd1 {[%emt 0:00:12]} Bxc3 {[%emt 0:00:24]} 76. Bxa4 {[%emt 0:00:09]} Bxb2 {[%emt 0:00:04]} 77. h4 {[%emt 0:00:31]} gxh4 {[%emt 0:00:15]} 78. Bc2 {[%emt 0:00:06]} Bf6 {[%emt 0:00:10]} 79. Kh1 {[%emt 0:00:06]} Ke5 {[%emt 0:00:09]} 80. Bb1 {[%emt 0:00:05]} Kf4 {[%emt 0:03:07]} 81. Bc2 {[%emt 0:00:05]} Kg3 {[%emt 0:00:00]} 82. Bb1 {[%emt 0:00:05]} Bd4 {[%emt 0:00:00]} 83. Bc2 {[%emt 0:00:06]} Kh3 {[%emt 0:00:00]} 84. Bb1 {[%emt 0:00:05]} c3 {[%emt 0:00:00]} 85. Bd3 {[%emt 0:00:04]} Kg3 {[%emt 0:00:00]} 86. Bc2 {[%emt 0:00:06]} h3 {[%emt 0:00:00]} 87. Bb1 {[%emt 0:00:08]} Be5 {[%emt 0:00:00]} 88. Bc2 {[%emt 0:00:06]} Kf2 {[%emt 0:00:00]} 89. Bb1 {[%emt 0:00:04]} Ke1 {[%emt 0:00:00]} 90. Bc2 {[%emt 0:00:05]} Kd2 {[%emt 0:00:00]} 91. Bg6 {[%emt 0:00:04]} c2 {[%emt 0:00:00]} 92. Bxc2 {[%emt 0:00:05]} Bh2 {[%emt 0:00:00]} 93. Kxh2 {[%emt 0:00:06]} Kc3 {[%emt 0:00:00]} 94. Kxh3 {[%emt 0:00:05]} 1/2-1/2

[Event "NOR-chT Eliteserien 2021-22"]
[Site "Norway"]
[Date "2022.03.05"]
[Round "8.16"]
[White "Royset, Pal"]
[Black "Gjestemoen-VonHirsch, Andre"]
[Result "1/2-1/2"]
[WhiteElo "2146"]
[BlackElo "2243"]
[Annotator "NA"]
[PlyCount "57"]
[EventDate "2021.10.29"]
[EventType "team-tourn"]
[EventCountry "NOR"]
[SourceTitle "playchess.com"]
[Source "ChessBase"]
[SourceQuality "1"]
[TimeControl "40/5400+30:1800+30"]

1. d4 {[%emt 0:00:12]} Nf6 {[%emt 0:00:11]} 2. Bf4 {[%emt 0:00:27]} g6 {[%emt 0:03:27]} 3. Nf3 {[%emt 0:02:12]} Bg7 {[%emt 0:00:05]} 4. h3 {[%emt 0:03:03]} O-O {[%emt 0:05:01]} 5. e3 {[%emt 0:03:09]} c5 {[%emt 0:08:14]} 6. c3 {[%emt 0:00:07]} Qb6 {[%emt 0:03:15]} 7. Qb3 {[%emt 0:01:15]} Nc6 {[%emt 0:02:29]} 8. Nbd2 {[%emt 0:02:33]} d5 {[%emt 0:00:07]} 9. Be2 {[%emt 0:05:44]} c4 {[%emt 0:17:49]} 10. Qc2 {[%emt 0:00:41]} Bf5 {[%emt 0:00:07]} 11. Qc1 {[%emt 0:00:08]} Qd8 {[%emt 0:00:43]} 12. b3 {[%emt 0:04:01]} b5 {[%emt 0:00:05]} 13. O-O {[%emt 0:04:14]} Ne4 {[%emt 0:17:37]} 14. Nxe4 {[%emt 0:05:57]} Bxe4 {[%emt 0:05:31]} 15. bxc4 {[%emt 0:06:27]} bxc4 {[%emt 0:00:37]} 16. Ng5 {[%emt 0:02:14]} e5 $14 {[%emt 0:03:18]} (16... Bd3 $11 17. Bxd3 cxd3) 17. Nxe4 {[%emt 0:06:54]} (17. dxe5 $14 Nxe5 18. Nxe4 dxe4 19. Bxe5 Bxe5 20. Rb1) 17... exf4 {[%emt 0:00:33]} 18. Nc5 {[%emt 0:00:27]} fxe3 {[%emt 0:00:12]} 19. Qxe3 {[%emt 0:00:25]} Re8 {[%emt 0:01:49]} 20. Qd2 {[%emt 0:00:07]} Qa5 {[%emt 0:03:37]} 21. Rad1 {[%emt 0:01:02]} Rxe2 {[%emt 0:03:03]} 22. Qxe2 {[%emt 0:00:08]} Qxc3 {[%emt 0:00:07]} 23. Qg4 {[%emt 0:05:02]} Rd8 {[%emt 0:07:18]} 24. Nb7 {[%emt 0:02:03]} h5 {[%emt 0:03:18]} 25. Qg5 {[%emt 0:03:17]} Rd7 {[%emt 0:02:45]} 26. Nc5 {[%emt 0:00:48]} Rd8 {[%emt 0:02:16]} 27. Nb7 {[%emt 0:06:43]} Rd7 {[%emt 0:00:03]} 28. Nc5 {[%emt 0:01:11]} Rd8 {[%emt 0:00:42]} 29. Nb7 {[%emt 0:04:55]} 1/2-1/2

[Event "NOR-chT Eliteserien 2021-22"]
[Site "Norway"]
[Date "2022.03.05"]
[Round "8.18"]
[White "Machlik, Monika"]
[Black "Fossan, Aleksander"]
[Result "1/2-1/2"]
[WhiteElo "2134"]
[BlackElo "2128"]
[Annotator "NA"]
[PlyCount "113"]
[EventDate "2021.10.29"]
[EventType "team-tourn"]
[EventCountry "NOR"]
[SourceTitle "playchess.com"]
[Source "ChessBase"]
[SourceQuality "1"]
[TimeControl "40/5400+30:1800+30"]

1. d4 {[%emt 0:00:01]} Nf6 {[%emt 0:00:09]} 2. c4 {[%emt 0:00:00]} g6 {[%emt 0:00:00]} 3. Nc3 {[%emt 0:00:00]} d5 {[%emt 0:00:00]} 4. cxd5 {[%emt 0:00:01]} Nxd5 {[%emt 0:00:00]} 5. e4 {[%emt 0:00:03]} Nxc3 {[%emt 0:00:07]} 6. bxc3 {[%emt 0:00:06]} Bg7 {[%emt 0:00:13]} 7. Nf3 {[%emt 0:00:06]} c5 {[%emt 0:03:15]} 8. Bb5+ {[%emt 0:00:26]} Bd7 {[%emt 0:03:00]} 9. Rb1 {[%emt 0:00:42]} O-O {[%emt 0:02:45]} 10. O-O {[%emt 0:04:33]} a6 {[%emt 0:29:52]} 11. Bxd7 {[%emt 0:24:51]} Qxd7 {[%emt 0:00:07]} 12. Rb6 {[%emt 0:01:55]} Nc6 {[%emt 0:11:07]} 13. Be3 {[%emt 0:17:22]} cxd4 {[%emt 0:14:26]} 14. cxd4 {[%emt 0:00:13]} Rfd8 {[%emt 0:01:27]} 15. Qb3 {[%emt 0:16:48]} Bxd4 {[%emt 0:15:55]} 16. Rxc6 {[%emt 0:11:55]} Qxc6 {[%emt 0:01:57]} 17. Bxd4 {[%emt 0:00:38]} Qxe4 {[%emt 0:00:26]} 18. Re1 {[%emt 0:01:33]} Qf4 {[%emt 0:03:54]} 19. Be5 {[%emt 0:03:04]} Qf5 {[%emt 0:00:49]} 20. Qxb7 {[%emt 0:00:35]} Qd7 {[%emt 0:00:43]} 21. Qe4 {[%emt 0:01:18]} Rac8 {[%emt 0:01:32]} 22. Qh4 {[%emt 0:01:34]} f6 {[%emt 0:01:10]} 23. Ba1 {[%emt 0:01:33]} Qd5 {[%emt 0:02:43]} 24. h3 {[%emt 0:07:55]} Rc4 {[%emt 0:00:21]} 25. Qh6 {[%emt 0:00:20]} Re4 {[%emt 0:00:17]} 26. Rc1 {[%emt 0:03:01]} Re2 {[%emt 0:01:33]} 27. Bd4 {[%emt 0:00:31]} Qf5 {[%emt 0:01:53]} 28. Bb6 {[%emt 0:00:47]} Rb8 {[%emt 0:01:01]} 29. Be3 {[%emt 0:00:28]} Rxa2 {[%emt 0:01:14]} 30. Qh4 {[%emt 0:00:47]} Qd5 {[%emt 0:00:29]} 31. Qf4 {[%emt 0:00:47]} Rab2 {[%emt 0:00:28]} 32. Ba7 {[%emt 0:01:20]} Rd8 {[%emt 0:01:17]} 33. Qa4 {[%emt 0:00:35]} Qb5 {[%emt 0:00:30]} 34. Qe4 {[%emt 0:00:58]} Re2 {[%emt 0:00:23]} 35. Be3 {[%emt 0:00:25]} e5 {[%emt 0:01:26]} 36. Qh4 {[%emt 0:00:47]} Rf8 {[%emt 0:01:16]} 37. Rc7 {[%emt 0:00:18]} h5 {[%emt 0:00:34]} 38. Qg3 {[%emt 0:00:28]} Qb1+ {[%emt 0:00:18]} 39. Rc1 {[%emt 0:00:30]} Qd3 {[%emt 0:00:24]} 40. Nh4 {[%emt 0:00:38]} g5 {[%emt 0:00:48]} 41. Kh2 {[%emt 0:13:08]} Rc2 {[%emt 0:11:31]} 42. Rxc2 {[%emt 0:01:23]} Qxc2 {[%emt 0:00:14]} 43. Bxg5 {[%emt 0:05:08]} fxg5 {[%emt 0:00:24]} 44. Qxg5+ {[%emt 0:00:04]} Kf7 {[%emt 0:15:01]} 45. Nf5 {[%emt 0:00:39]} Qc5 {[%emt 0:00:17]} 46. Qxh5+ {[%emt 0:02:05]} Kf6 {[%emt 0:01:41]} 47. Ng3 {[%emt 0:03:26]} Ke7 {[%emt 0:01:02]} 48. Qg5+ {[%emt 0:01:04]} Kd7 {[%emt 0:00:35]} 49. Ne4 {[%emt 0:00:39]} Qe7 {[%emt 0:00:23]} 50. Qd2+ {[%emt 0:06:39]} Kc6 {[%emt 0:01:32]} 51. Qc2+ {[%emt 0:00:22]} Kb6 {[%emt 0:00:18]} 52. f3 {[%emt 0:01:24]} a5 {[%emt 0:00:18]} 53. Qf2+ {[%emt 0:00:22]} Kc6 {[%emt 0:00:43]} 54. Qc2+ {[%emt 0:00:11]} Kb6 {[%emt 0:00:05]} 55. Qf2+ {[%emt 0:00:07]} Kc6 {[%emt 0:00:02]} 56. Qc2+ {[%emt 0:00:10]} Kb6 {[%emt 0:00:01]} 57. Qf2+ {[%emt 0:01:30]} 1/2-1/2

[Event "NOR-chT Eliteserien 2021-22"]
[Site "Norway"]
[Date "2022.03.05"]
[Round "8.19"]
[White "Houska, Jovanka"]
[Black "Tari, Aryan"]
[Result "0-1"]
[WhiteElo "2365"]
[BlackElo "2660"]
[Annotator "TA"]
[PlyCount "68"]
[EventDate "2021.10.29"]
[EventType "team-tourn"]
[EventCountry "NOR"]
[SourceTitle "playchess.com"]
[Source "ChessBase"]
[SourceQuality "1"]

{[%evp 9,68,31,32,35,33,33,28,35,37,41,39,0,0,-37,-44,-33,-31,-37,-52,-33,-36,-73,-62,-119,-119,-172,-168,-170,-167,-176,-175,-177,-182,-182,-181,-202,-202,-204,-166,-202,-201,-242,-210,-254,-254,-261,-261,-602,-596,-590,-565,-570,-516,-434,-455,-654,-645,-6295,-6179,-1171,-2356]} 1. d4 Nf6 2. Nf3 d5 3. c4 e6 4. Nc3 h6 5. g3 Bd6 6. Bg2 {D37: Queen's Gambit Declined: 5 Bf4.} O-O 7. O-O Nc6 8. b3 {White has an edge.} dxc4 9. bxc4 e5 {[#]} 10. c5 $146 ({Predecessor:} 10. Nxe5 Nxe5 11. c5 Bxc5 12. dxe5 Qxd1 13. Rxd1 Ng4 14. Ne4 Bb6 15. a4 Bf5 16. e3 {0-1 (52) Le,Q (2709)-Carlsen,M (2847) chess24.com INT 2021}) 10... exd4 11. cxd6 dxc3 12. Qd3 cxd6 13. Qxc3 Re8 14. Nd4 Bd7 15. Ba3 Rc8 16. Rab1 ({Wrong is} 16. Bxd6 $2 Ne4 17. Bxe4 Rxe4 18. Nxc6 Bxc6 $17) (16. Rfc1 $15) 16... Ne4 $17 17. Qd3 (17. Bxe4 $17 {might work better.} Rxe4 18. Nxc6 Bxc6 19. Rb2) 17... Nxd4 $1 $19 18. Bxe4 {[#] This bishop pair is nice.} Nxe2+ {[%mdl 512]} 19. Qxe2 {Qd3 is the strong threat.} Bc6 20. f3 {[#] aiming for Qd3.} d5 $1 21. Bh7+ Kxh7 22. Qd3+ Kg8 23. Bb2 Qg5 24. Rfe1 a6 25. Rbc1 f6 26. Qa3 h5 {[%cal Bh6h5,Bh5h4,Bh4h3][%mdl 32]} 27. Bd4 h4 28. Kg2 (28. Bf2) 28... Qd2+ {Black is clearly winning.} 29. Bf2 h3+ 30. Kg1 Bd7 {White must now prevent ...Rxc1.} 31. Rxc8 Rxc8 32. Qd6 {[#]} (32. Qe3 $142 Qxa2 33. Qb6) 32... Rc2 $1 33. Rf1 (33. Qb6 Rxa2) 33... Bb5 {[%cal Od2f2] ( -> ...Qxf2+!)} 34. Qe6+ Kf8 {Black took control after the opening.  Weighted Error Value: White=0.54/Black=0.05 (flawless)} 0-1

[Event "NOR-chT Eliteserien 2021-22"]
[Site "Norway"]
[Date "2022.03.05"]
[Round "8.20"]
[White "Urkedal, Frode Olav Olsen"]
[Black "Bern, Ivar"]
[Result "1-0"]
[WhiteElo "2549"]
[BlackElo "2312"]
[Annotator "ChessBase"]
[PlyCount "57"]
[EventDate "2021.10.29"]
[EventType "team-tourn"]
[EventCountry "NOR"]
[SourceTitle "playchess.com"]
[Source "ChessBase"]
[SourceQuality "1"]
[TimeControl "40/5400+30:1800+30"]

1. d4 {[%emt 0:00:04]} f5 {[%emt 0:00:08]} 2. Bg5 {[%emt 0:00:10]} g6 {[%emt 0:00:10]} 3. Nc3 {[%emt 0:00:04]} Bg7 {[%emt 0:00:10]} 4. e3 {[%emt 0:00:03]} Nh6 {[%emt 0:00:18]} 5. h4 {[%emt 0:00:12]} Nf7 {[%emt 0:00:22]} 6. Qf3 {[%emt 0:01:57]} c5 {[%emt 0:19:07]} 7. O-O-O {[%emt 0:28:26]} Nc6 {[%emt 0:04:15]} 8. Bc4 {[%emt 0:08:52]} Nxg5 {[%emt 0:07:29]} 9. hxg5 {[%emt 0:00:04]} cxd4 {[%emt 0:00:39]} 10. exd4 {[%emt 0:00:06]} e6 {[%emt 0:22:33]} 11. Qe3 {[%emt 0:02:53]} O-O {[%emt 0:09:56]} 12. f4 {[%emt 0:04:57]} d5 {[%emt 0:04:00]} 13. Bb5 {[%emt 0:00:19]} Qc7 {[%emt 0:07:15]} 14. Nf3 {[%emt 0:04:29]} Na5 {[%emt 0:03:16]} 15. Rh4 {[%emt 0:03:25]} a6 {[%emt 0:01:10]} 16. Bd3 {[%emt 0:00:15]} b5 {[%emt 0:09:26]} 17. Rdh1 {[%emt 0:02:32]} Bh8 {[%emt 0:00:19]} 18. Ne5 {[%emt 0:07:30]} Bxe5 {[%emt 0:00:51]} 19. fxe5 {[%emt 0:00:07]} Rf7 {[%emt 0:02:37]} 20. g4 {[%emt 0:00:23]} Nc4 {[%emt 0:04:09]} 21. Bxc4 {[%emt 0:09:41]} bxc4 {[%emt 0:00:07]} 22. Ne2 {[%emt 0:08:49]} Qe7 {[%emt 0:01:50]} 23. gxf5 {[%emt 0:05:46]} exf5 {[%emt 0:00:18]} 24. Nf4 {[%emt 0:02:49]} Qxg5 {[%emt 0:00:37]} 25. Rh5 {[%emt 0:04:32]} gxh5 {[%emt 0:01:05]} 26. Rg1 {[%emt 0:00:04]} Qg4 {[%emt 0:00:07]} 27. Nxh5 {[%emt 0:00:14]} Kh8 {[%emt 0:00:45]} 28. Rxg4 {[%emt 0:00:45]} fxg4 {[%emt 0:00:03]} 29. e6 {[%emt 0:00:09]} 1-0

[Event "NOR-chT Eliteserien 2021-22"]
[Site "Norway"]
[Date "2022.03.05"]
[Round "8.21"]
[White "Gullaksen, Eirik"]
[Black "Ranaldi, Lucas"]
[Result "1/2-1/2"]
[WhiteElo "2349"]
[BlackElo "2337"]
[Annotator "NA"]
[PlyCount "62"]
[EventDate "2021.10.29"]
[EventType "team-tourn"]
[EventCountry "NOR"]
[SourceTitle "playchess.com"]
[Source "ChessBase"]
[SourceQuality "1"]
[TimeControl "40/5400+30:1800+30"]

1. e4 {[%emt 0:00:08]} c6 {[%emt 0:00:07]} 2. Nc3 {[%emt 0:00:13]} d5 {[%emt 0:00:07]} 3. Nf3 {[%emt 0:00:15]} Bg4 {[%emt 0:00:27]} 4. h3 {[%emt 0:00:26]} Bxf3 {[%emt 0:00:07]} 5. Qxf3 {[%emt 0:00:19]} Nf6 {[%emt 0:00:09]} 6. Be2 {[%emt 0:00:33]} e6 {[%emt 0:00:47]} 7. O-O {[%emt 0:00:45]} Bc5 {[%emt 0:01:10]} 8. Rd1 {[%emt 0:00:42]} Bd4 {[%emt 0:05:18]} 9. Qf4 {[%emt 0:01:40]} dxe4 {[%emt 0:02:07]} 10. d3 {[%emt 0:05:36]} Bxc3 {[%emt 0:07:14]} 11. dxe4 {[%emt 0:06:48]} Qe7 {[%emt 0:07:05]} 12. bxc3 {[%emt 0:01:46]} e5 {[%emt 0:00:23] [#]} 13. Qg3 $1 {[%emt 0:06:07]} O-O {[%emt 0:05:03]} 14. Bh6 {[%emt 0:01:24]} Ne8 {[%emt 0:00:24]} 15. a4 {[%emt 0:05:51]} Nd7 {[%emt 0:04:06]} 16. a5 {[%emt 0:05:40]} Nc5 {[%emt 0:01:54]} 17. f3 {[%emt 0:00:58]} Kh8 {[%emt 0:05:16]} 18. Be3 {[%emt 0:04:22]} Nc7 {[%emt 0:13:37]} 19. Rab1 {[%emt 0:10:02]} Rfd8 {[%emt 0:03:25]} 20. Rxd8+ {[%emt 0:01:10]} Rxd8 {[%emt 0:00:09]} 21. Qf2 {[%emt 0:01:15]} (21. Bc4 $16) 21... N7e6 {[%emt 0:01:03]} 22. Rb4 $14 {[%emt 0:11:20]} a6 {[%emt 0:01:10]} 23. Kh2 {[%emt 0:01:06]} f6 {[%emt 0:20:39]} 24. Qg1 {[%emt 0:01:32]} h6 {[%emt 0:02:19]} 25. Qf2 {[%emt 0:05:44]} Kh7 {[%emt 0:00:44]} 26. Qg1 {[%emt 0:00:38]} Rb8 {[%emt 0:07:29]} 27. Bc4 {[%emt 0:04:35]} Rd8 {[%emt 0:01:32]} 28. Be2 {[%emt 0:03:14]} Kh8 {[%emt 0:00:44]} 29. Kh1 {[%emt 0:00:54]} Kh7 {[%emt 0:02:40]} 30. Kh2 {[%emt 0:01:04]} Kh8 {[%emt 0:01:46]} 31. Kh1 {[%emt 0:00:36]} Kh7 {[%emt 0:00:19]} 1/2-1/2

[Event "NOR-chT Eliteserien 2021-22"]
[Site "Norway"]
[Date "2022.03.05"]
[Round "8.22"]
[White "Gandrud, Vegar Koi"]
[Black "Demac, Elias"]
[Result "0-1"]
[WhiteElo "2315"]
[BlackElo "2206"]
[Annotator "NA"]
[PlyCount "66"]
[EventDate "2021.10.29"]
[EventType "team-tourn"]
[EventCountry "NOR"]
[SourceTitle "playchess.com"]
[Source "ChessBase"]
[SourceQuality "1"]
[TimeControl "40/5400+30:1800+30"]

1. d4 {[%emt 0:00:02]} f5 {[%emt 0:00:19]} 2. c4 {[%emt 0:00:11]} Nf6 {[%emt 0:00:06]} 3. g3 {[%emt 0:00:12]} g6 {[%emt 0:00:06]} 4. Bg2 {[%emt 0:00:03]} Bg7 {[%emt 0:00:05]} 5. Nf3 {[%emt 0:00:18]} O-O {[%emt 0:00:07]} 6. O-O {[%emt 0:00:13]} d6 {[%emt 0:00:05]} 7. Nc3 {[%emt 0:00:07]} Qe8 {[%emt 0:00:05]} 8. b3 {[%emt 0:06:05]} Na6 {[%emt 0:00:07]} 9. Ba3 {[%emt 0:05:19]} c6 {[%emt 0:00:08]} 10. Rc1 {[%emt 0:08:12]} b5 {[%emt 0:05:28]} 11. Bb2 {[%emt 0:17:29]} Rb8 {[%emt 0:11:16]} 12. Ba1 {[%emt 0:01:44]} bxc4 {[%emt 0:13:21]} 13. bxc4 {[%emt 0:00:15]} Rb4 {[%emt 0:00:47]} 14. a3 {[%emt 0:04:12]} Rb8 {[%emt 0:05:40]} 15. Re1 {[%emt 0:19:11]} e5 {[%emt 0:08:44] [#]} (15... Bh6 $14) 16. e4 $16 {[%emt 0:08:39]} f4 {[%emt 0:06:30]} 17. Na4 {[%emt 0:05:45]} fxg3 {[%emt 0:04:20]} 18. fxg3 {[%emt 0:04:40]} Bg4 {[%emt 0:04:14]} 19. dxe5 {[%emt 0:06:03]} dxe5 {[%emt 0:09:57]} 20. h3 {[%emt 0:02:30]} Bxf3 {[%emt 0:00:15]} 21. Bxf3 {[%emt 0:00:58]} Qe7 {[%emt 0:02:43]} 22. Qd3 {[%emt 0:05:15]} Nc5 {[%emt 0:01:23]} 23. Nxc5 {[%emt 0:00:01]} Qxc5+ {[%emt 0:00:05]} 24. Kg2 {[%emt 0:01:01]} Rf7 {[%emt 0:06:50]} 25. Qc3 {[%emt 0:00:34]} Nd7 {[%emt 0:04:04]} 26. Rf1 {[%emt 0:00:31]} Nf8 {[%emt 0:02:03]} 27. Bg4 {[%emt 0:01:16]} Rxf1 {[%emt 0:00:45]} 28. Rxf1 {[%emt 0:00:05]} h5 {[%emt 0:00:10]} 29. Bd1 {[%emt 0:01:34]} Ne6 {[%emt 0:00:18]} 30. Bb2 {[%emt 0:00:58]} Qd4 {[%emt 0:03:39]} 31. Qxd4 {[%emt 0:00:56]} exd4 {[%emt 0:00:04]} 32. Rf2 {[%emt 0:01:07]} Nc5 {[%emt 0:00:19]} 33. Re2 {[%emt 0:01:03]} d3 {[%emt 0:00:18]} 0-1

[Event "NOR-chT Eliteserien 2021-22"]
[Site "Norway"]
[Date "2022.03.05"]
[Round "8.23"]
[White "Mork, Kjell Arne"]
[Black "Madland, Kristoffer"]
[Result "1-0"]
[WhiteElo "2246"]
[BlackElo "2168"]
[Annotator "NA"]
[PlyCount "59"]
[EventDate "2021.10.29"]
[EventType "team-tourn"]
[EventCountry "NOR"]
[SourceTitle "playchess.com"]
[Source "ChessBase"]
[SourceQuality "1"]
[TimeControl "40/5400+30:1800+30"]

1. e4 {[%emt 0:00:08]} c5 {[%emt 0:00:10]} 2. Nf3 {[%emt 0:00:04]} d6 {[%emt 0:00:09]} 3. Bb5+ {[%emt 0:00:07]} Nd7 {[%emt 0:01:56]} 4. O-O {[%emt 0:01:14]} Ngf6 {[%emt 0:02:38]} 5. Re1 {[%emt 0:01:14]} g6 {[%emt 0:03:05]} 6. c3 {[%emt 0:02:31]} Bg7 {[%emt 0:02:02]} 7. d4 {[%emt 0:00:30]} a6 {[%emt 0:03:36]} 8. Ba4 {[%emt 0:02:04]} O-O {[%emt 0:04:26]} 9. e5 {[%emt 0:13:26]} dxe5 {[%emt 0:10:10]} (9... Ne8 $1 $14 {should be considered.}) 10. dxe5 {[%emt 0:00:09]} Ng4 {[%emt 0:01:01]} 11. Bf4 {[%emt 0:10:32]} b5 {[%emt 0:02:11]} 12. Bc2 {[%emt 0:00:44]} Bb7 {[%emt 0:03:39]} 13. Nbd2 {[%emt 0:01:08]} Qc7 {[%emt 0:04:18]} 14. Qe2 {[%emt 0:05:29]} Rad8 $14 {[%emt 0:07:18]} 15. Rad1 {[%emt 0:03:28]} Nb6 {[%emt 0:11:05]} 16. h3 {[%emt 0:13:49]} Nh6 {[%emt 0:04:05]} 17. Ne4 {[%emt 0:00:55]} Nd5 {[%emt 0:07:58]} 18. Bc1 {[%emt 0:03:29]} Kh8 {[%emt 0:02:36]} 19. Neg5 {[%emt 0:01:49]} Qb6 {[%emt 0:02:48]} 20. Nh4 {[%emt 0:05:01]} f6 {[%emt 0:07:27]} 21. Nxh7 {[%emt 0:03:47]} Kxh7 {[%emt 0:01:11]} 22. Bxg6+ {[%emt 0:01:06]} Kg8 {[%emt 0:01:03]} 23. Bxh6 {[%emt 0:19:20]} fxe5 {[%emt 0:02:11]} 24. Bxg7 {[%emt 0:01:22]} Kxg7 {[%emt 0:00:26]} 25. Qxe5+ {[%emt 0:01:13]} Qf6 {[%emt 0:00:59]} 26. Bc2 {[%emt 0:01:43]} Qxe5 {[%emt 0:04:42]} 27. Rxe5 {[%emt 0:00:06]} Kf7 {[%emt 0:03:07]} 28. Rde1 {[%emt 0:02:51]} Rd7 {[%emt 0:00:32]} 29. Bf5 {[%emt 0:00:56]} Rc7 {[%emt 0:00:51]} 30. Be6+ {[%emt 0:00:26]} 1-0